Star Wars, de A à Z - Statistiques

Statistiques générales
  • Ce quiz a été pris 206 fois
  • Le résultat moyen est 18 sur 26
Statistiques - réponses
Indices Réponses % Correct
Jedi prometteur qui bascula du côté obscur Anakin
99%
Droïde de protocole particulièrement loquace C3PO
96%
Champs d énergie entourant chaque être vivant et confèrant des pouvoirs à qui la maîtrise Force
88%
Mercenaire qui rejoindra la résistance, compagnon de Chewbacca Han Solo
87%
Acolyte robot de Rey apparut dans l'épisode VII BB8
86%
Nom donné aux apprentis jedis Padawan
85%
Apprenti de Dark Sidious, tranché en deux par Obi Wan Dark Maul
84%
Grand maître Jedi qui s'exprime en phrases déstructurées Yoda
84%
Principaux antagonistes des jedis, adeptes du côté obscur Sith
83%
Précédé de Dark, nom accordé par l'empereur à son plus célèbre apprenti Vador
83%
Planète désertique située dans la bordure extérieure sur laquelle ont résidé plusieurs Skywalker Tatooine
82%
Formé par Luke, il se tourne vers le côté obscur Kylo Ren
76%
Georges Lucas est celui des premiers épisodes Réalisateur
76%
Planète d'origine de Padmé Amidala Naboo
74%
Arme spatiale de l'empire galactique détruite au cours de la bataille de Yavin Étoile de la mort
71%
Général cruel qui aime utiliser les armes des ennemis vaincus Grievous
71%
Utilisateur de sabre violet (sur la requête de son interprète) Mace Windu
70%
Nom d'adoption de la princesse Leia Organa
69%
Vaisseau chasseur stellaire emblématique de la rebellion X Wing
64%
Personnage de la prélogie détesté de certains fans, deviendra sénateur Jar Jar Binks
63%
Celui de Star Wars se compose des étendu (ou légendes) et officiel Univers
60%
Sage Jedi qui su détecter le grand potentiel d'un jeune garçon Qui Gon Jinn
57%
Nom des sabres laser en version originale Lightsaber
51%
Ferrailleur sur Tatooine, propriétaire de Shmi et son enfant Watto
36%
5 premiers mots apparaissant au début de chaque film de la saga Il y a bien longtemps
33%
Apparut dans Le Mandalorian, droïde également appelé Q9-0 Zéro
5%
Aucun quiz correspondant
Distribution des résultats
% des personnes avec chaque résultat
Percentile par nombre de réponses
Votre historique - résultats
Vous n’avez pas pris ce quiz